Влияние параметров и обратных связей на автоколебания системы автоматического регулирования; Известия Томского политехнического института [Известия ТПИ]; Т. 94

Detalles Bibliográficos
Parent link:Известия Томского политехнического института [Известия ТПИ]/ Томский политехнический институт (ТПИ).— , 1944-1976
Т. 94.— 1958.— [С. 105-117]
Autor Principal: Кутарев М. Н.
Summary:Заглавие с титульного листа
Электронная версия печатной публикации
Idioma:ruso
Publicado: 1958
Subjects:
Acceso en liña:http://www.lib.tpu.ru/fulltext/v/Bulletin_TPU/1958/v94/15.pdf
Formato: MixedMaterials Electrónico Capítulo de libro
KOHA link:https://koha.lib.tpu.ru/cgi-bin/koha/opac-detail.pl?biblionumber=190596

MARC

LEADER 00000nla2a2200000 4500
001 190596
005 20231031180312.0
035 |a (RuTPU)RU\TPU\book\207735 
035 |a RU\TPU\book\207734 
090 |a 190596 
100 |a 20110126d1958 k y0rusy50 ca 
101 0 |a rus 
102 |a RU 
135 |a drnn ---uucaa 
181 0 |a i  
182 0 |a b 
200 1 |a Влияние параметров и обратных связей на автоколебания системы автоматического регулирования  |b Электронный ресурс  |f М. Н. Кутарев 
203 |a Текст  |c электронный 
215 |a 1 файл (704 Кб) 
230 |a Электронные текстовые данные (1 файл : 704 Кб) 
300 |a Заглавие с титульного листа 
300 |a Электронная версия печатной публикации 
320 |a [Библиогр.: с. 117 (13 назв.)] 
337 |a Adobe Reader 
461 1 |0 (RuTPU)RU\TPU\book\200995  |t Известия Томского политехнического института [Известия ТПИ]  |f Томский политехнический институт (ТПИ)  |d 1944-1976 
463 1 |0 (RuTPU)RU\TPU\book\207718  |t Т. 94  |v [С. 105-117]  |d 1958  |p 228 с. 
610 1 |a электронный ресурс 
610 1 |a труды учёных ТПУ 
700 1 |a Кутарев  |b М. Н. 
801 1 |a RU  |b 63413507  |c 20090320  |g PSBO 
801 2 |a RU  |b 63413507  |c 20111003  |g PSBO 
856 4 |u http://www.lib.tpu.ru/fulltext/v/Bulletin_TPU/1958/v94/15.pdf 
942 |c CF